30 titres de chansons en D - Statistiques

Statistiques générales
  • Ce quiz a été pris 63 fois
  • Le résultat moyen est 11 sur 30
Statistiques - réponses
Hint Réponse % Correct
Luis Fonsi Despacito
82%
Indila Dernière danse
75%
Abba Dancing queen
68%
BB Brunes Dis-moi
68%
Diam's DJ
68%
Mylène Farmer Désenchantée
65%
Aya Nakamura Djadja
65%
Biglo et Oli Dommage
65%
Images Les demons de minuit
65%
Ophélie Winter Dieu m'à donné la foi
63%
Rihanna Diamonds
57%
Tones and I Dance monkey
53%
Boney M Daddy cool
50%
Tryo Désolé pour hier soir
42%
Jenifer Donne-moi le temps
38%
Céline Dion Destin
35%
Nekfeu et Vanessa Paradis Dans l'univers
32%
Guy Marchand Destiné
28%
Charles Trenet Douce France
25%
Joe Dassin Dans les yeux d'Emilie
22%
Queen Don't stop me now
22%
J.J Lionel La danse des canards
18%
Renaud Dès que le vent soufflera
8%
Grégory Lemarchal De temps en temps
5%
Soprano Dingue
5%
Calvin Harris Desire
3%
Michel Polnareff Dans la maison vide
2%
Vitaa et Slimane De l'or
2%
M Pokora Dangerous
0%
Saez La dame en feu
0%
Aucun quiz correspondant
Distribution des résultats
% des personnes avec chaque résultat
Percentile par nombre de réponses
Votre historique - résultats
Vous n’avez pas pris ce quiz